000 00217nam a22000977a 4500
999 _c264054
_d264053
020 _a0789434369
100 _aJane Yorke
245 _aBig Books of Trains
260 _aUnited States
_bDK Publishing
_c1998
942 _cBK